[Event "EUYCC 2025 - U08"]
[Site "?"]
[Date "2025.08.23"]
[Round "5.2"]
[White "Katsarski, Yan"]
[Black "Valik, Viktor"]
[Result "1-0"]
[BlackElo "1518"]
[WhiteElo "1580"]
[LiveChessVersion "1.4.8"]

1. e4 {[%clk 1:28:57]} c5 {[%clk 1:30:44]} 2. Nf3 {[%clk 1:27:21]} Nc6
{[%clk 1:30:43]} 3. d4 {[%clk 1:25:40]} cxd4 {[%clk 1:30:45]} 4. Nxd4
{[%clk 1:24:17]} g6 {[%clk 1:30:37]} 5. c4 {[%clk 1:22:28]} Bg7 {[%clk 1:30:03]}
6. Be3 {[%clk 1:20:28]} Nf6 {[%clk 1:29:24]} 7. Nc3 {[%clk 1:18:35]} O-O
{[%clk 1:27:57]} 8. Be2 {[%clk 1:16:00]} e6 {[%clk 1:21:07]} 9. O-O
{[%clk 1:08:03]} d5 {[%clk 1:21:12]} 10. cxd5 {[%clk 1:04:54]} exd5
{[%clk 1:21:04]} 11. Nxc6 {[%clk 1:01:44]} bxc6 {[%clk 1:19:55]} 12. exd5
{[%clk 0:58:46]} Nxd5 {[%clk 1:20:00]} 13. Nxd5 {[%clk 0:58:26]} Qxd5
{[%clk 1:19:46]} 14. Qxd5 {[%clk 0:57:52]} cxd5 {[%clk 1:19:59]} 15. Rad1
{[%clk 0:56:25]} Bxb2 {[%clk 1:18:39]} 16. Rxd5 {[%clk 0:55:31]} Be6
{[%clk 1:18:43]} 17. Rd2 {[%clk 0:55:10]} Rab8 {[%clk 1:15:05]} 18. Bxa7
{[%clk 0:50:31]} Ra8 {[%clk 1:13:23]} 19. Rxb2 {[%clk 0:47:48]} Rxa7
{[%clk 1:13:19]} 20. Rc1 {[%clk 0:45:27]} Rxa2 {[%clk 1:11:36]} 21. Rxa2
{[%clk 0:42:01]} Bxa2 {[%clk 1:11:09]} 22. f4 {[%clk 0:40:44]} Be6
{[%clk 1:10:30]} 23. Kf2 {[%clk 0:39:12]} Rc8 {[%clk 1:10:23]} 24. Rd1
{[%clk 0:37:24]} Kg7 {[%clk 1:10:02]} 25. Bf3 {[%clk 0:31:20]} Rc2+
{[%clk 1:09:05]} 26. Kg3 {[%clk 0:30:27]} Bc4 {[%clk 1:07:50]} 27. Rd7
{[%clk 0:24:03]} Be2 {[%clk 1:05:55]} 28. Bd5 {[%clk 0:22:06]} Bc4
{[%clk 1:03:32]} 29. Rxf7+ {[%clk 0:19:49]} Kh6 {[%clk 1:03:32]} 30. Bxc4
{[%clk 0:18:50]} Rxc4 {[%clk 1:02:25]} 31. Kh3 {[%clk 0:17:21]} Rc3+
{[%clk 1:02:07]} 32. g3 {[%clk 0:17:38]} Rb3 {[%clk 1:02:22]} 33. Kh4
{[%clk 0:16:40]} Rb4 {[%clk 1:02:06]} 34. g4 {[%clk 0:11:31]} g5+
{[%clk 1:02:08]} 35. fxg5+ {[%clk 0:09:53]} Kg6 {[%clk 1:02:21]} 36. Rf6+
{[%clk 0:09:54]} Kg7 {[%clk 1:02:37]} 37. Kg3 {[%clk 0:06:21]} Rb5
{[%clk 1:00:58]} 38. Rf5 {[%clk 0:06:35]} Rb4 {[%clk 1:01:11]} 39. h4
{[%clk 0:06:25]} Rb3+ {[%clk 1:00:39]} 40. Rf3 {[%clk 0:06:42]} Rb4
{[%clk 1:00:55]} 41. h5 {[%clk 0:06:24]} Rb5 {[%clk 1:01:09]} 42. Kh4
{[%clk 0:06:14]} Rb4 {[%clk 1:01:15]} 43. h6+ {[%clk 0:06:24]} Kg8
{[%clk 1:01:24]} 44. Kh5 {[%clk 0:06:11]} Rb1 {[%clk 1:01:38]} 45. g6
{[%clk 0:05:19]} Rb5+ {[%clk 1:01:22]} 46. Rf5 {[%clk 0:05:36]} hxg6+
{[%clk 1:01:14]} 47. Kxg6 {[%clk 0:05:50]} Rb6+ {[%clk 1:01:29]} 48. Rf6
{[%clk 0:06:02]} Rxf6+ {[%clk 1:01:44]} 49. Kxf6 {[%clk 0:06:20]} Kh7
{[%clk 1:02:05]} 50. g5 {[%clk 0:06:15]} Kh8 {[%clk 1:02:24]} 51. g6
{[%clk 0:06:23]} Kg8 {[%clk 1:02:48]} 52. h7+ {[%clk 0:06:46]} Kh8
{[%clk 1:03:07]} 53. g7+ {[%clk 0:07:04]} Kxh7 {[%clk 1:03:29]} 54. Kf7
{[%clk 0:07:27]} Kh6 {[%clk 1:03:37]} 55. g8=Q Kh5 {[%clk 1:03:54]} 56. Qg3
{[%clk 0:07:58]} Kh6 {[%clk 1:04:06]} 57. Qg6# {[%clk 0:08:17]} 1-0

[Event "EUYCC 2025 - U08"]
[Site "?"]
[Date "2025.08.23"]
[Round "5.3"]
[White "Talaba, David-Christian"]
[Black "Pastor Zuccolo, Matteo"]
[Result "1/2-1/2"]
[BlackElo "1507"]
[WhiteElo "1577"]
[LiveChessVersion "1.4.8"]

1. d4 {[%clk 1:30:53]} Nf6 {[%clk 1:30:56]} 2. Nf3 {[%clk 1:31:11]} c5
{[%clk 1:31:20]} 3. e3 {[%clk 1:30:18]} e6 {[%clk 1:21:36]} 4. g3
{[%clk 1:28:08]} d5 {[%clk 1:19:06]} 5. Bg2 {[%clk 1:26:16]} Nc6 {[%clk 1:17:16]}
6. O-O {[%clk 1:26:23]} Be7 {[%clk 1:14:41]} 7. b3 {[%clk 1:24:07]} O-O
{[%clk 1:13:03]} 8. Bb2 {[%clk 1:20:55]} b6 {[%clk 1:09:35]} 9. Re1
{[%clk 1:11:51]} Ne4 {[%clk 1:04:06]} 10. Nc3 {[%clk 1:05:05]} f5
{[%clk 1:01:54]} 11. h4 {[%clk 0:55:30]} Qc7 {[%clk 0:55:22]} 12. Nb5
{[%clk 0:51:14]} Qb8 {[%clk 0:51:23]} 13. c4 {[%clk 0:44:53]} a6 {[%clk 0:44:59]}
14. cxd5 {[%clk 0:41:26]} exd5 {[%clk 0:34:57]} 15. dxc5 {[%clk 0:36:52]} Be6
{[%clk 0:27:30]} 16. Nbd4 {[%clk 0:35:07]} Nxd4 {[%clk 0:19:08]} 17. Nxd4
{[%clk 0:35:23]} Bf6 {[%clk 0:14:54]} 18. cxb6 {[%clk 0:33:12]} Qxb6
{[%clk 0:12:42]} 19. Nxe6 {[%clk 0:32:22]} Qxe6 {[%clk 0:11:53]} 20. Bxf6
{[%clk 0:32:40]} Rxf6 {[%clk 0:12:00]} 21. Qd4 {[%clk 0:30:28]} Rc8
{[%clk 0:10:38]} 22. Rac1 {[%clk 0:29:50]} Rff8 {[%clk 0:10:47]} 23. Red1
{[%clk 0:29:13]} Rxc1 {[%clk 0:10:19]} 24. Rxc1 {[%clk 0:29:28]} Rd8
{[%clk 0:08:52]} 25. Qd3 {[%clk 0:27:15]} h6 {[%clk 0:07:46]} 26. Qc2
{[%clk 0:26:35]} Kh7 {[%clk 0:07:20]} 27. Qc6 {[%clk 0:24:36]} Rd6
{[%clk 0:07:27]} 28. Qc8 {[%clk 0:24:29]} Qe5 {[%clk 0:07:36]} 29. Bxe4
{[%clk 0:23:35]} fxe4 {[%clk 0:07:53]} 30. Qc3 {[%clk 0:23:36]} Qf5
{[%clk 0:07:34]} 31. Qc5 {[%clk 0:25:54]} Rf6 {[%clk 0:07:42]} 32. Rc2
{[%clk 0:25:11]} Qe5 {[%clk 0:06:47]} 33. Qd4 {[%clk 0:24:16]} Qf5
{[%clk 0:06:44]} 34. Rd2 {[%clk 0:24:22]} Rc6 {[%clk 0:06:22]} 35. Rd1
{[%clk 0:16:40]} Rc2 {[%clk 0:06:20]} 36. Rd2 {[%clk 0:16:59]} Rc1+
{[%clk 0:05:57]} 37. Rd1 {[%clk 0:17:16]} Rc2 {[%clk 0:06:24]} 38. Rd2
{[%clk 0:17:39]} Rc1+ {[%clk 0:06:49]} 39. Rd1 {[%clk 0:18:06]} Rc2
{[%clk 0:07:16]} 40. Rd2 {[%clk 0:18:31]} Rc1+ {[%clk 0:07:27]} 41. Rd1
{[%clk 0:18:57]} Rc2 {[%clk 0:07:53]} 42. Rd2 {[%clk 0:19:23]} 1/2-1/2

[Event "EUYCC 2025 - U08"]
[Site "?"]
[Date "2025.08.23"]
[Round "5.4"]
[White "Alkim, Albert"]
[Black "Sava, Daniel"]
[Result "0-1"]
[BlackElo "1450"]
[WhiteElo "1543"]
[LiveChessVersion "1.4.8"]

1. e4 {[%clk 1:30:52]} d6 {[%clk 1:31:07]} 2. d4 {[%clk 1:31:12]} Nf6
{[%clk 1:31:25]} 3. Nc3 {[%clk 1:31:15]} Nbd7 {[%clk 1:31:47]} 4. f3
{[%clk 1:31:13]} e5 {[%clk 1:31:56]} 5. Be3 {[%clk 1:31:33]} Be7 {[%clk 1:31:42]}
6. Nge2 {[%clk 1:31:36]} O-O {[%clk 1:31:52]} 7. Qd2 {[%clk 1:30:57]} c6
{[%clk 1:31:03]} 8. g4 {[%clk 1:30:20]} b5 {[%clk 1:28:41]} 9. Ng3
{[%clk 1:29:28]} a5 {[%clk 1:27:39]} 10. h4 {[%clk 1:26:21]} Ba6 {[%clk 1:25:07]}
11. Nce2 {[%clk 1:22:51]} d5 {[%clk 1:24:26]} 12. g5 {[%clk 1:22:32]} Ne8
{[%clk 1:23:33]} 13. h5 {[%clk 1:21:22]} exd4 {[%clk 1:23:27]} 14. g6
{[%clk 1:20:29]} dxe3 {[%clk 1:22:33]} 15. gxh7+ {[%clk 1:20:51]} Kh8
{[%clk 1:20:11]} 16. Qc3 {[%clk 1:20:27]} Bb4 {[%clk 1:20:24]} 17. f4
{[%clk 1:15:13]} Bxc3+ {[%clk 1:20:35]} 18. Nxc3 {[%clk 1:15:13]} dxe4
{[%clk 1:20:42]} 19. O-O-O {[%clk 1:14:46]} Qc7 {[%clk 1:18:59]} 20. h6
{[%clk 1:14:27]} gxh6 {[%clk 1:17:56]} 21. Nf5 {[%clk 1:12:39]} Qxf4
{[%clk 1:08:18]} 22. Ne2 {[%clk 1:00:52]} Qxf5 {[%clk 1:07:57]} 23. Bh3
{[%clk 1:00:45]} Qc5 {[%clk 0:55:06]} 24. Rxd7 {[%clk 0:41:00]} Nf6
{[%clk 0:53:53]} 25. Rdd1 {[%clk 0:41:08]} Rad8 {[%clk 0:53:23]} 26. Rxd8
{[%clk 0:40:44]} Rxd8 {[%clk 0:53:20]} 27. Nc3 {[%clk 0:39:25]} b4
{[%clk 0:53:19]} 28. Kb1 {[%clk 0:39:27]} bxc3 {[%clk 0:53:38]} 29. bxc3
{[%clk 0:39:39]} Qxc3 {[%clk 0:53:47]} 30. Bc8 {[%clk 0:39:25]} Rxc8
{[%clk 0:53:53]} 31. Rh2 {[%clk 0:39:26]} Rb8+ {[%clk 0:54:12]} 32. Kc1
{[%clk 0:39:44]} Qa1# {[%clk 0:54:38]} 0-1

[Event "EUYCC 2025 - U08"]
[Site "?"]
[Date "2025.08.24"]
[Round "6.1"]
[White "Jevglevski, Lev"]
[Black "Katsarski, Yan"]
[Result "1-0"]
[BlackElo "1580"]
[WhiteElo "1726"]
[LiveChessVersion "1.4.8"]

1. e4 {[%clk 1:30:51]} e5 {[%clk 1:29:00]} 2. Nf3 {[%clk 1:31:11]} Nf6
{[%clk 1:27:30]} 3. Nxe5 {[%clk 1:31:30]} Nxe4 {[%clk 1:25:58]} 4. Qe2
{[%clk 1:31:44]} Qe7 {[%clk 1:24:30]} 5. Qxe4 {[%clk 1:30:59]} d6
{[%clk 1:22:50]} 6. d4 {[%clk 1:31:16]} dxe5 {[%clk 1:21:24]} 7. dxe5
{[%clk 1:31:33]} Nc6 {[%clk 1:19:28]} 8. Nc3 {[%clk 1:31:33]} Qxe5
{[%clk 1:17:05]} 9. Qxe5+ {[%clk 1:31:57]} Nxe5 {[%clk 1:15:41]} 10. Nb5
{[%clk 1:31:49]} Bd6 {[%clk 1:07:32]} 11. Nxd6+ {[%clk 1:32:14]} cxd6
{[%clk 1:05:33]} 12. Bf4 {[%clk 1:32:09]} Bf5 {[%clk 1:02:56]} 13. O-O-O
{[%clk 1:32:13]} O-O-O 14. Be2 {[%clk 1:27:30]} Rhe8 {[%clk 0:53:21]} 15. Rhe1
{[%clk 1:22:00]} Re7 {[%clk 0:41:04]} 16. g4 {[%clk 1:09:23]} Bg6
{[%clk 0:31:19]} 17. Bg3 {[%clk 1:05:49]} Rc7 {[%clk 0:28:56]} 18. c3
{[%clk 1:04:04]} f6 {[%clk 0:15:27]} 19. f4 {[%clk 1:03:16]} Nc6 {[%clk 0:10:43]}
20. f5 {[%clk 1:03:23]} Bf7 {[%clk 0:10:23]} 21. Rxd6 {[%clk 1:02:51]} Rxd6
{[%clk 0:09:24]} 22. Bxd6 {[%clk 1:03:12]} Rd7 {[%clk 0:09:35]} 23. Bf4
{[%clk 1:01:59]} Bxa2 {[%clk 0:07:28]} 24. Bb5 {[%clk 1:01:17]} a6
{[%clk 0:06:39]} 25. Ba4 {[%clk 1:00:28]} b5 {[%clk 0:06:01]} 26. Bc2
{[%clk 1:00:37]} Bc4 {[%clk 0:05:06]} 27. Be4 {[%clk 1:00:02]} Bd5
{[%clk 0:04:20]} 28. Bxd5 {[%clk 0:58:42]} Rxd5 {[%clk 0:04:15]} 29. Rd1
{[%clk 0:58:52]} Rxd1+ {[%clk 0:04:25]} 30. Kxd1 {[%clk 0:59:09]} Kd7
{[%clk 0:03:38]} 31. Ke2 {[%clk 0:59:33]} Na5 {[%clk 0:03:34]} 32. Kd3
{[%clk 0:59:42]} Nc4 {[%clk 0:03:28]} 33. b4 {[%clk 0:59:38]} g6 {[%clk 0:01:49]}
34. Kd4 {[%clk 0:59:28]} Kc6 {[%clk 0:01:09]} 35. fxg6 {[%clk 0:59:17]} hxg6
{[%clk 0:01:25]} 36. h4 {[%clk 0:59:41]} g5 {[%clk 0:01:12]} 37. hxg5
{[%clk 0:59:54]} fxg5 {[%clk 0:01:30]} 38. Bxg5 {[%clk 1:00:11]} Nd6
{[%clk 0:01:33]} 39. Bf4 {[%clk 1:00:25]} Nc8 {[%clk 0:01:04]} 40. Ke5
{[%clk 1:00:14]} Ne7 {[%clk 0:01:19]} 41. g5 {[%clk 1:00:12]} Ng6+
{[%clk 0:01:00]} 42. Kf5 {[%clk 1:00:25]} Ne7+ {[%clk 0:01:13]} 43. Ke6
{[%clk 1:00:19]} Ng6 {[%clk 0:01:29]} 44. Bg3 {[%clk 1:00:20]} Nf8+
{[%clk 0:01:31]} 45. Kf7 {[%clk 1:00:32]} Nh7 {[%clk 0:01:24]} 46. Bh4
{[%clk 1:00:34]} Nxg5+ {[%clk 0:01:41]} 47. Bxg5 {[%clk 1:00:48]} Kd5
{[%clk 0:02:06]} 48. Bd8 {[%clk 1:01:02]} Kc4 {[%clk 0:02:20]} 49. Ke6
{[%clk 1:01:23]} Kxc3 {[%clk 0:02:39]} 50. Ba5 {[%clk 1:01:44]} Kd4
{[%clk 0:02:40]} 51. Kd6 {[%clk 1:01:38]} Ke4 {[%clk 0:02:48]} 52. Kc6
{[%clk 1:02:00]} Ke5 {[%clk 0:03:08]} 53. Kb6 {[%clk 1:01:54]} Kd6
{[%clk 0:03:27]} 54. Kxa6 {[%clk 1:01:42]} Kc6 {[%clk 0:03:48]} 55. Bb6
{[%clk 1:01:59]} Kd7 {[%clk 0:04:11]} 56. Kxb5 {[%clk 1:02:09]} Kc8
{[%clk 0:04:31]} 57. Kc6 {[%clk 1:02:22]} Kb8 {[%clk 0:04:49]} 58. b5
{[%clk 1:02:24]} Ka8 {[%clk 0:05:12]} 59. Bc7 {[%clk 1:02:18]} Ka7
{[%clk 0:05:35]} 60. b6+ {[%clk 1:02:39]} Ka6 {[%clk 0:05:58]} 61. b7
{[%clk 1:02:25]} Ka7 {[%clk 0:05:20]} 62. b8=Q+ Ka6 {[%clk 0:05:44]} 63. Qb7#
{[%clk 1:02:19]} 1-0

[Event "EUYCC 2025 - U08"]
[Site "?"]
[Date "2025.08.24"]
[Round "6.2"]
[White "Sava, Daniel"]
[Black "Talaba, David-Christian"]
[Result "0-1"]
[BlackElo "1577"]
[WhiteElo "1450"]
[LiveChessVersion "1.4.8"]

1. d4 {[%clk 1:30:56]} Nf6 {[%clk 1:30:46]} 2. Bg5 {[%clk 1:31:10]} g6
{[%clk 1:30:52]} 3. Bxf6 {[%clk 1:30:51]} exf6 {[%clk 1:31:13]} 4. e3
{[%clk 1:30:37]} Bg7 {[%clk 1:31:31]} 5. g3 {[%clk 1:30:31]} f5 {[%clk 1:31:47]}
6. Bg2 {[%clk 1:30:30]} O-O {[%clk 1:31:32]} 7. Ne2 {[%clk 1:30:05]} d5
{[%clk 1:28:01]} 8. O-O {[%clk 1:29:07]} c6 {[%clk 1:28:23]} 9. c4
{[%clk 1:27:51]} dxc4 {[%clk 1:21:13]} 10. Qc2 {[%clk 1:25:14]} Be6
{[%clk 1:14:58]} 11. Nf4 {[%clk 1:21:47]} Qe7 {[%clk 1:09:40]} 12. Nxe6
{[%clk 1:12:43]} Qxe6 {[%clk 1:09:58]} 13. Na3 {[%clk 1:11:49]} Nd7
{[%clk 1:03:13]} 14. Nxc4 {[%clk 1:07:35]} Nf6 {[%clk 0:50:30]} 15. Rac1
{[%clk 0:59:15]} Rac8 {[%clk 0:49:29]} 16. Rfd1 {[%clk 0:56:13]} Rfd8
{[%clk 0:47:01]} 17. a3 {[%clk 0:49:12]} Ne4 {[%clk 0:41:26]} 18. Qb3
{[%clk 0:40:23]} Qe7 {[%clk 0:31:39]} 19. Nd2 {[%clk 0:30:51]} Nxd2
{[%clk 0:30:40]} 20. Rxd2 {[%clk 0:30:20]} Rc7 {[%clk 0:24:50]} 21. Qa4
{[%clk 0:26:30]} a6 {[%clk 0:24:28]} 22. Qc2 {[%clk 0:24:28]} Rdd7
{[%clk 0:23:20]} 23. Qb3 {[%clk 0:20:46]} Bf6 {[%clk 0:16:31]} 24. Bf3
{[%clk 0:18:11]} Bg7 {[%clk 0:16:43]} 25. Bg2 {[%clk 0:18:12]} Bf6
{[%clk 0:16:06]} 26. Bf3 {[%clk 0:18:17]} Bg7 {[%clk 0:15:45]} 27. Bg2
{[%clk 0:18:35]} Bh6 {[%clk 0:13:19]} 28. Bf3 Bg7 {[%clk 0:12:36]} 29. Bg2
{[%clk 0:17:34]} h5 {[%clk 0:12:05]} 30. h4 {[%clk 0:16:40]} f4 {[%clk 0:10:43]}
31. exf4 {[%clk 0:13:56]} Rxd4 {[%clk 0:10:00]} 32. Rxd4 {[%clk 0:13:15]} Bxd4
{[%clk 0:10:09]} 33. Rd1 {[%clk 0:11:40]} Rd7 {[%clk 0:08:42]} 34. f5
{[%clk 0:08:15]} Qf6 {[%clk 0:05:32]} 35. Bh3 {[%clk 0:07:03]} Rd5
{[%clk 0:04:00]} 36. Re1 {[%clk 0:06:21]} Rb5 {[%clk 0:03:32]} 37. Re8+
{[%clk 0:06:05]} Kg7 {[%clk 0:03:03]} 38. Qd3 {[%clk 0:03:19]} Rxb2
{[%clk 0:03:06]} 39. Re2 {[%clk 0:03:25]} Rxe2 {[%clk 0:03:22]} 40. Qxe2
{[%clk 0:03:29]} Bc5 41. fxg6 {[%clk 0:02:44]} fxg6 {[%clk 0:02:57]} 42. a4
{[%clk 0:02:43]} b5 {[%clk 0:02:22]} 43. axb5 {[%clk 0:02:34]} cxb5 44. Bc8
{[%clk 0:02:20]} a5 {[%clk 0:02:43]} 45. Kg2 {[%clk 0:02:11]} Qc6+
{[%clk 0:02:44]} 46. f3 {[%clk 0:02:14]} Qxc8 {[%clk 0:03:03]} 47. Qb2+
{[%clk 0:02:01]} Kh7 {[%clk 0:02:53]} 48. Qxb5 {[%clk 0:02:20]} Bb4
{[%clk 0:03:04]} 49. Qa4 {[%clk 0:02:13]} Qe6 {[%clk 0:02:54]} 50. Qc2
{[%clk 0:02:22]} Qd7 51. Kh2 {[%clk 0:01:48]} Qd2+ {[%clk 0:03:07]} 0-1

[Event "EUYCC 2025 - U08"]
[Site "?"]
[Date "2025.08.24"]
[Round "6.3"]
[White "Pastor Zuccolo, Matteo"]
[Black "Brentegani, Romeo"]
[Result "1-0"]
[BlackElo "1598"]
[WhiteElo "1507"]
[LiveChessVersion "1.4.8"]

1. e4 {[%clk 1:30:58]} e5 {[%clk 1:30:13]} 2. Bc4 {[%clk 1:31:23]} Nc6
{[%clk 1:29:38]} 3. Nc3 {[%clk 1:31:48]} Nf6 {[%clk 1:29:07]} 4. d3
{[%clk 1:32:12]} Bc5 {[%clk 1:28:17]} 5. h3 {[%clk 1:32:31]} h6 {[%clk 1:27:52]}
6. Nge2 {[%clk 1:32:53]} d6 {[%clk 1:27:51]} 7. a3 {[%clk 1:32:48]} a5
{[%clk 1:27:59]} 8. Ng3 {[%clk 1:32:32]} O-O {[%clk 1:26:19]} 9. O-O
{[%clk 1:32:45]} Kh8 {[%clk 1:25:26]} 10. Kh1 {[%clk 1:31:00]} Be6
{[%clk 1:15:08]} 11. f4 {[%clk 1:31:01]} Bxc4 {[%clk 1:12:40]} 12. dxc4 exf4
{[%clk 1:12:29]} 13. Bxf4 {[%clk 1:30:53]} Ne5 {[%clk 1:11:59]} 14. b3
{[%clk 1:24:58]} Ng6 {[%clk 1:11:12]} 15. Nf5 {[%clk 1:22:18]} Nxf4
{[%clk 1:10:56]} 16. Rxf4 {[%clk 1:21:29]} Kh7 {[%clk 0:47:52]} 17. Qd2
{[%clk 1:17:04]} Nh5 {[%clk 0:43:25]} 18. Rg4 {[%clk 1:15:34]} Qf6
{[%clk 0:38:45]} 19. Rf1 {[%clk 1:14:45]} Qe5 {[%clk 0:34:13]} 20. Rf3
{[%clk 1:08:13]} g5 {[%clk 0:20:17]} 21. Rxg5 {[%clk 0:54:18]} hxg5
{[%clk 0:16:51]} 22. Qxg5 {[%clk 0:54:16]} Ng7 {[%clk 0:17:05]} 23. Qh6+
{[%clk 0:54:29]} Kg8 {[%clk 0:17:19]} 24. Rg3 {[%clk 0:54:07]} Bd4
{[%clk 0:17:38]} 25. Nd5 {[%clk 0:53:14]} Rfe8 {[%clk 0:13:53]} 26. c3
{[%clk 0:44:02]} Qxg3 {[%clk 0:10:52]} 27. Nxg3 {[%clk 0:44:10]} Be5
{[%clk 0:10:05]} 28. Nh5 {[%clk 0:42:42]} Nxh5 {[%clk 0:07:18]} 29. Qxh5
{[%clk 0:42:50]} Bg7 {[%clk 0:07:22]} 30. Nxc7 {[%clk 0:42:33]} Re5
{[%clk 0:07:33]} 31. Qg4 {[%clk 0:42:25]} Rd8 {[%clk 0:07:54]} 32. Nd5
{[%clk 0:42:36]} Re6 {[%clk 0:08:04]} 33. Ne3 {[%clk 0:42:23]} Rg6
{[%clk 0:08:18]} 34. Qh4 {[%clk 0:42:25]} Bf6 {[%clk 0:08:34]} 35. Qf2
{[%clk 0:42:13]} Bxc3 {[%clk 0:08:54]} 36. Nd5 {[%clk 0:42:25]} Kf8
{[%clk 0:08:41]} 37. Nxc3 {[%clk 0:42:44]} Ke7 {[%clk 0:08:25]} 38. Nd5+
{[%clk 0:42:49]} Kf8 {[%clk 0:08:45]} 39. Qh4 {[%clk 0:42:57]} Re8
{[%clk 0:08:56]} 40. Qh8+ {[%clk 0:42:33]} Rg8 {[%clk 0:09:18]} 41. Qxg8+
{[%clk 0:42:24]} Kxg8 {[%clk 0:09:40]} 42. Nf6+ {[%clk 0:42:49]} Kf8
{[%clk 0:10:00]} 43. Nxe8 {[%clk 0:43:12]} Kxe8 {[%clk 0:10:25]} 44. Kg1
{[%clk 0:43:34]} Ke7 {[%clk 0:10:50]} 45. Kf2 {[%clk 0:43:57]} Kf6
{[%clk 0:11:15]} 46. Ke3 {[%clk 0:44:07]} Ke6 {[%clk 0:11:25]} 47. g4
{[%clk 0:44:02]} Ke5 {[%clk 0:11:52]} 48. h4 {[%clk 0:44:21]} Kf6
{[%clk 0:12:17]} 49. Kf4 {[%clk 0:44:43]} Kg6 {[%clk 0:12:26]} 50. h5+
{[%clk 0:44:49]} Kf6 {[%clk 0:12:41]} 51. g5+ {[%clk 0:45:14]} Kg7
{[%clk 0:13:06]} 52. Kf5 {[%clk 0:45:38]} Kf8 {[%clk 0:13:23]} 53. h6
{[%clk 0:45:39]} b6 {[%clk 0:13:43]} 54. Kf6 {[%clk 0:45:49]} Kg8
{[%clk 0:13:55]} 55. a4 {[%clk 0:45:59]} Kh7 {[%clk 0:14:16]} 56. Kxf7
{[%clk 0:46:17]} Kh8 {[%clk 0:14:38]} 57. g6 {[%clk 0:46:12]} d5 {[%clk 0:14:49]}
58. e5 {[%clk 0:45:46]} b5 {[%clk 0:15:11]} 59. e6 {[%clk 0:46:11]} b4
{[%clk 0:15:40]} 60. e7 {[%clk 0:46:33]} dxc4 {[%clk 0:16:08]} 61. e8=R#
{[%clk 0:45:59]} 1-0

[Event "EUYCC 2025 - U08"]
[Site "?"]
[Date "2025.08.24"]
[Round "6.4"]
[White "Valik, Viktor"]
[Black "Matala, Sophia-Lenina"]
[Result "1-0"]
[BlackElo "1459"]
[WhiteElo "1518"]
[LiveChessVersion "1.4.8"]

1. e4 {[%clk 1:30:57]} c5 {[%clk 1:30:54]} 2. Nf3 {[%clk 1:31:16]} g6
{[%clk 1:31:04]} 3. d4 {[%clk 1:31:35]} cxd4 {[%clk 1:31:28]} 4. Nxd4
{[%clk 1:31:56]} Nc6 {[%clk 1:31:47]} 5. Nc3 {[%clk 1:32:17]} Bg7
{[%clk 1:32:10]} 6. Be3 {[%clk 1:32:31]} Nf6 {[%clk 1:32:27]} 7. f3
{[%clk 1:32:40]} O-O {[%clk 1:32:39]} 8. Qd2 {[%clk 1:32:47]} d6 {[%clk 1:26:48]}
9. O-O-O {[%clk 1:31:53]} Bd7 {[%clk 1:23:10]} 10. g4 {[%clk 1:30:05]} Ne8
{[%clk 1:08:42]} 11. h4 {[%clk 1:28:04]} Ne5 {[%clk 0:57:36]} 12. h5
{[%clk 1:24:48]} Nf6 {[%clk 0:49:50]} 13. Bh6 {[%clk 1:20:07]} Kh8
{[%clk 0:45:55]} 14. Bxg7+ {[%clk 1:09:39]} Kxg7 {[%clk 0:46:09]} 15. hxg6
{[%clk 1:09:55]} fxg6 {[%clk 0:43:22]} 16. Qh6+ {[%clk 1:10:09]} Kf7
{[%clk 0:42:19]} 17. g5 {[%clk 1:09:40]} Ng8 {[%clk 0:41:39]} 18. Qxh7+
{[%clk 1:09:55]} Ke8 {[%clk 0:41:49]} 19. Qg7 {[%clk 1:05:26]} e6
{[%clk 0:39:55]} 20. Rh8 {[%clk 1:03:51]} Qxg5+ {[%clk 0:37:11]} 21. Kb1
{[%clk 1:03:09]} Qf6 {[%clk 0:36:47]} 22. Rxg8 {[%clk 1:02:32]} Qxg7
{[%clk 0:36:34]} 23. Rxg7 {[%clk 1:02:46]} Rd8 {[%clk 0:27:53]} 24. Rh7
{[%clk 1:01:38]} Rf7 {[%clk 0:27:22]} 25. Rxf7 {[%clk 0:59:40]} Nxf7
{[%clk 0:27:29]} 26. Bb5 {[%clk 0:59:11]} Bxb5 {[%clk 0:26:34]} 27. Ncxb5
{[%clk 0:59:06]} e5 {[%clk 0:26:01]} 28. Nb3 {[%clk 0:58:58]} a6 {[%clk 0:25:23]}
29. Nc7+ {[%clk 0:58:11]} Ke7 {[%clk 0:23:46]} 30. Nd5+ {[%clk 0:57:58]} Ke8
{[%clk 0:23:50]} 31. Na5 {[%clk 0:58:05]} Kd7 {[%clk 0:21:01]} 32. Nxb7
{[%clk 0:58:03]} Rh8 {[%clk 0:20:48]} 33. Na5 {[%clk 0:55:07]} Ng5
{[%clk 0:20:04]} 34. f4 {[%clk 0:54:01]} Nxe4 {[%clk 0:20:03]} 35. fxe5
{[%clk 0:54:03]} Nd2+ {[%clk 0:18:03]} 36. Kc1 {[%clk 0:54:09]} Ne4
{[%clk 0:17:10]} 37. Nf6+ {[%clk 0:54:14]} Nxf6 {[%clk 0:17:09]} 38. Rxd6+
{[%clk 0:54:29]} Ke7 {[%clk 0:17:14]} 39. Rxf6 {[%clk 0:54:47]} Rh1+
{[%clk 0:16:57]} 40. Kd2 {[%clk 0:54:27]} Rh2+ {[%clk 0:17:07]} 41. Kc3
{[%clk 0:54:43]} Rh3+ {[%clk 0:16:04]} 42. Kb4 {[%clk 0:55:04]} Rg3
{[%clk 0:15:20]} 43. Rxa6 {[%clk 0:55:13]} g5 {[%clk 0:15:32]} 44. c3
{[%clk 0:54:00]} g4 {[%clk 0:13:56]} 45. Rg6 {[%clk 0:53:14]} Rg1
{[%clk 0:14:05]} 46. Nc4 {[%clk 0:53:36]} g3 {[%clk 0:13:53]} 47. Nd2
{[%clk 0:53:36]} Rg2 {[%clk 0:13:41]} 48. Nc4 {[%clk 0:53:43]} Kf7
{[%clk 0:13:06]} 49. Rg4 {[%clk 0:54:02]} Ke6 {[%clk 0:13:07]} 50. Kb3
{[%clk 0:54:24]} Rg1 {[%clk 0:11:50]} 51. Rg5 {[%clk 0:54:33]} Kd5
{[%clk 0:08:28]} 52. Nd2 {[%clk 0:54:52]} Ke6 {[%clk 0:08:14]} 53. Ne4
{[%clk 0:55:13]} g2 {[%clk 0:08:11]} 54. Nd2 {[%clk 0:55:03]} Kd5
{[%clk 0:07:16]} 55. c4+ {[%clk 0:55:10]} Ke6 {[%clk 0:07:30]} 56. Ne4
{[%clk 0:55:04]} Re1 {[%clk 0:06:56]} 57. Nc5+ {[%clk 0:55:00]} Ke7
{[%clk 0:07:13]} 58. Rxg2 {[%clk 0:55:20]} Rxe5 {[%clk 0:07:26]} 59. Rg7+
{[%clk 0:54:48]} Kd6 {[%clk 0:07:13]} 60. Rd7+ {[%clk 0:54:38]} Kxc5
{[%clk 0:07:27]} 61. Rd5+ {[%clk 0:54:46]} Rxd5 {[%clk 0:07:44]} 62. cxd5
{[%clk 0:55:06]} Kxd5 {[%clk 0:08:08]} 63. Kb4 {[%clk 0:55:15]} Kc6
{[%clk 0:08:31]} 64. Ka5 {[%clk 0:55:20]} Kb7 {[%clk 0:08:52]} 65. Kb5
{[%clk 0:55:42]} Ka7 {[%clk 0:09:07]} 66. b4 {[%clk 0:55:58]} Kb7
{[%clk 0:09:28]} 67. a4 {[%clk 0:56:20]} Ka7 {[%clk 0:09:49]} 68. Kc6
{[%clk 0:56:40]} Kb8 {[%clk 0:09:48]} 69. Kb6 {[%clk 0:57:01]} Ka8
{[%clk 0:09:58]} 70. b5 {[%clk 0:57:25]} Kb8 {[%clk 0:10:22]} 71. a5
{[%clk 0:57:45]} Ka8 {[%clk 0:10:40]} 72. a6 {[%clk 0:57:57]} Kb8
{[%clk 0:11:06]} 73. a7+ {[%clk 0:58:10]} Ka8 {[%clk 0:11:31]} 74. Kc7
{[%clk 0:58:30]} Kxa7 {[%clk 0:11:54]} 75. b6+ {[%clk 0:58:53]} Ka8
{[%clk 0:12:15]} 76. b7+ {[%clk 0:59:17]} Ka7 {[%clk 0:12:38]} 77. b8=Q+
{[%clk 0:59:37]} Ka6 {[%clk 0:13:02]} 78. Qb6# {[%clk 0:59:51]} 1-0